000 00667nam a2200217 i 4500
001 bg
100 1 _aZIAJA-BUCHHOLTZ, Mirosława
245 1 0 _aCo, kiedy, jak powiedzieć po niemiecku /
_cMirosława Buchoholtz.
260 _aWarszawa :
_b"Wiedza Powszechna",
_c2003.
300 _a179 s. ;
_c19 cm.
650 9 _aJęzyk niemiecki
655 _aPodręczniki
020 _a8321412076
040 _cBPK
041 0 _apol
080 _a811.112.2'24(078)
920 _a83-214-1207-6
942 _cKS
008 s pl f |000 0 pol
999 _c45064
_d45064